000
00274nam a2200109Ia 4500
005
20251222143305.0
008
251222s9999||||xx |||||||||||||| ||spa||
082
_a
269.298.5/A78
245
0
_a
La Evangelización del Perú:
264
_b
Arzobispado de Arequipa
942
_c
LIB
999
_c
15486
_d
15486